1934 1316 1691 1821 1407 1497 1720 1062 1590 1102 1610 1268 1687 1038 1638 1413 1884 1112 1999 1392 1500 1649 1579 1978 1275 1440 1656 1775 1781 1640 1580 1990 1781 1037 1035 1185 1319 1755 1545 1067 1811 1705 1215 1809 1292 1414 1500 1336 1506 1060 1804 1076 1080 1021 1562 1446 1597 1838 1629 1809 1094 1795 1627 1875 1504 1674 1182 1430 1580 1888 1541 1514 1484 1950 1998 1034 1982 1686 1960 1742 1497 1772 1165 1941 1654 1887 1162 1333 1752 1759 1041 1842 1623 1632 1088 1047 1789 1263 1020 BCNSPRNW ULIB Ver.6.0+V

เปลี่ยนเป็นภาษาไทย

Change to English
 แสดงรายละเอียดบรรณานุกรม
  กลับหน้าหลัก

Brief Record : Get Marc (ISO 2709) : E-mail record : QR code < ปิดหน้าต่าง
LEADER : 00000nas 2200000uu 4500
001    13399114258
003     ULIB
008    020711s|||| th a 000 0 tha d
110    ^aโรงพยาบาลสมเด็จพระยุพราชตะพานหิน
245    ^aวารสารโรงพยาบาลสมเด็จพระยุพราชตะพานหิน
260    ^aพิจิตร :^bโรงพยาบาลสมเด็จพระยุพราชตะพานหิน,^cม.ป.ป.
310    ^aราย 6 เดือน
850 ^a ULIB^bฉบับที่ 18 ปีที่ 10 ;ฉบับที่ 18 ปีที่ 10 ฉ.2 ;ฉบับที่ 18 ปีที่ 10 ฉ.3 ;ฉบับที่ 19 ปีที่ 10 ;ฉบับที่ 25 ปีที่ 13 ฉ.2 ;ฉบับที่ 25 ปีที่ 13 ฉ.1
945    ^p0^l0^i900239
945    ^p0^l0^i900240
945    ^p0^l0^i900241
945    ^p0^l0^i900663
945    ^p0^l0^i903258
945    ^p0^l0^i903257
รายการนี้ยังไม่มีแท็ก
คุณยังไม่ได้ล็อกอิน คุณสามารถมีกิจกรรมร่วมกับเว็บไซต์ได้ แต่ต้องล็อกอินก่อน ::
  ล็อกอิน

รายการสื่อสารสนเทศ (วารสาร)

ดูแบบ: กล่อง รายการ
ARRIVED
ฉบับที่ 18 ปีที่ 10
สถานที่: ห้องสมุดวิทยาเขตสวรรค์ประชารักษ์ >วารสาร
ARRIVED
ฉบับที่ 19 ปีที่ 10
สถานที่: ห้องสมุดวิทยาเขตสวรรค์ประชารักษ์ >วารสาร
ARRIVED
ฉบับที่ 25 ปีที่ 13 ฉ.2
สถานที่: ห้องสมุดวิทยาเขตสวรรค์ประชารักษ์ >หนังสือพิมพ์
รายการใกล้เคียง
    ชื่อเรื่อง [วารสารโรงพยาบาลสมเด็จพระยุพราชตะพานหิน]

    ผู้แต่ง []

BibComment


ยังไม่เคยถูกคอมเมนท์

คอมเมนท์ทรัพยากรรายการนี้
  คอมเมนท์: วารสารโรงพยาบาลส..


 Copyright 2026. Bcnsprnw @Library